Welcome to CU Library Online Public Access Catalogue (OPAC)

Fundamental Concepts of Fitness and Wellness/ (Record no. 2926)

MARC details
000 -LEADER
fixed length control field 00495nam a22001577a 4500
005 - DATE AND TIME OF LATEST TRANSACTION
control field 20250123125239.0
008 - FIXED-LENGTH DATA ELEMENTS--GENERAL INFORMATION
fixed length control field 250123b |||||||| |||| 00| 0 eng d
020 ## - INTERNATIONAL STANDARD BOOK NUMBER
International Standard Book Number 9780073138800
050 ## - LIBRARY OF CONGRESS CALL NUMBER
Classification number RA781
Item number .F86
245 ## - TITLE STATEMENT
Title Fundamental Concepts of Fitness and Wellness/
Statement of responsibility, etc. Charles B. Corbin...et al.,
250 ## - EDITION STATEMENT
Edition statement 2nd ed.
260 ## - PUBLICATION, DISTRIBUTION, ETC.
Place of publication, distribution, etc. Boston
Name of publisher, distributor, etc. McGraw Hill Higher Education
Date of publication, distribution, etc. 2006
300 ## - PHYSICAL DESCRIPTION
Extent xvii. various paging
Other physical details ill. color
Dimensions 27.5cm
700 ## - ADDED ENTRY--PERSONAL NAME
Personal name Corbin, Charles B.
942 ## - ADDED ENTRY ELEMENTS (KOHA)
Source of classification or shelving scheme Library of Congress Classification
Koha item type Books
Edition 2nd ed.
Suppress in OPAC No
999 ## -
-- 2926
-- 2926
Holdings
Withdrawn status Lost status Source of classification or shelving scheme Damaged status Not for loan Collection Home library Current library Shelving location Date acquired Total checkouts Full call number Barcode Date last seen Copy number Price effective from Koha item type
    Library of Congress Classification     Non-fiction Science Library (Miotso) Science Library (Miotso) General stacks 01/23/2025   RA781 .F86 FUN SLM00002328 01/23/2025 1 01/23/2025 Books
    Library of Congress Classification     Non-fiction Science Library (Miotso) Science Library (Miotso) General stacks 01/23/2025   RA781 .F86 FUN SLM00002329 01/23/2025 2 01/23/2025 Books
    Library of Congress Classification     Non-fiction Science Library (Miotso) Science Library (Miotso) General stacks 01/23/2025   RA781 .F86 FUN SLM00002330 01/23/2025 3 01/23/2025 Books
© 2023-2024 Copyright: Central University Libraries. All Rights Reserved | Created by: Mahone Tech Office